MARC

LEADER 00000nam0a2200000 4500
001 674562
005 20241126095507.0
010 |a 978-5-901642-33-7 
090 |a 674562 
100 |a 20240913d2013 km|y0rusy50 ca 
101 0 |a rus  |a eng 
102 |a RU 
105 |a a z 000yy 
181 0 |a i   |b  e  
182 0 |a n 
183 0 |a nc  |2 RDAcarrier 
200 1 |a Всемирное наследие Содружества Независимых государств  |d World Heritage of the Commonwealth of Independent States  |f Межгосударственный фонд гуманитарного сотрудничества государств-участников СНГ ; гл. ред. Г. Билялитдинова 
203 |a Текст  |b визуальный  |c непосредственный 
210 |a Москва  |c Новая элита  |d 2013 
215 |a 480 c.  |c ил. 
283 |a volume  |2 RDAcarrier 
606 1 |a Культурное наследие  |9 42692 
610 1 |a культура 
610 1 |a всемирное наследие 
610 1 |a СНГ 
610 1 |a Содружество независимых государств 
610 1 |a Юнеско 
610 1 |a культурные ценности 
610 1 |a природные ценности 
610 1 |a исторические достопримечательности 
610 1 |a старинные крепости 
610 1 |a монастыри 
610 1 |a православные храмы 
610 1 |a мечети 
610 1 |a дворцово-парковые ансамбли 
610 1 |a археологические раритеты 
610 1 |a художественные ремёсла 
610 1 |a Азербайджан 
610 1 |a Армения 
610 1 |a Беларусь 
610 1 |a Казахстан 
610 1 |a Кыргызстан 
610 1 |a Молдова 
610 1 |a Россия 
610 1 |a Таджикистан 
610 1 |a Туркменистан 
610 1 |a Узбекистан 
686 |2 rubbk  |a Ч111 
702 1 |4 340  |a Билялитдинова  |b Г.  |g Галина 
712 0 2 |7 ca  |8 rus  |a Межгосударственный фонд гуманитарного сотрудничества государств-участников Содружества Независимых Государств   |c (Москва)  |4 570  |9 88667 
801 0 |a RU  |b 63413507  |c 20240913 
942 |c BK